000 00478nam a2200193Ia 4500
008 151119s9999||||xx |||||||||||||| ||und||
082 _a891.464
082 _bGKKV6041
100 _aभालेराव अनंत
245 _aकावड
260 _a--
260 _b--
260 _c0
600 _aभालेराव अनंत
630 _aकावड
700 _aभालेराव अनंत
730 _aकावड
942 _cBOOK
999 _c1060964
_d1060961